Statistics for Literature by Letter - W

Click here to take the quiz!

General Stats

  • This quiz has been taken 10,996 times
    (10,972 since last reset)
  • The average score is 13 of 20

Answer Stats

HintAnswer% Correct
He owned a magical and mysterious chocolate factoryWilly Wonka
99%
Sherlock Holmes's faithful sidekickWatson
96%
Novel by Emily Brontë{Wuthering} Heights
89%
Tolstoy book that is one of the longest ever written, at 561,093 wordsWar and Peace
88%
H.G. Wells novel that was read on the radio in 1938 as if it were a real news bulletinWar of the Worlds, the
78%
Irish playwright and author once imprisoned for "indecency" Oscar Wilde
77%
Who's afraid of this author of "To the Lighthouse"?Virginia Woolf
70%
Ralph Emerson's middle nameWaldo
68%
This TV personality was famous for creating best-sellers by featuring
them in her Book Club
Oprah Winfrey
66%
Children's novel about a rabbit warren{Watership} Down
66%
What Dickens character Miss Havisham always wears {Wedding} Dress
63%
How the world ends, according to T.S. Eliot, not with a bang but with a _______Whimper
63%
American dictionary author who simplified spellingNoah Webster
57%
Children's novel about the adventures of Mole, Rat, Toad, and BadgerWind in the Willows, the
53%
Jack London novel about a wolfdog in the Yukon territoryWhite Fang
52%
Pond where Henry Thoreau sojournedWalden Pond
48%
She wrote about her life settling the American Plains in the "Little House" collectionLaura Ingalls Wilder
46%
Celebrated and controversial "Leaves of Grass" poetWalt Whitman
45%
Tom Sawyer tricked his friends into using this to paint a fenceWhitewash
44%
Genre of Louis L'Amour and Zane GreyWestern
40%

Score Distribution

Percentile by Number Answered

Percent of People with Each Score

Your Score History

You have not taken this quiz since the last reset